| 000 | 01003nam a22003135a 4500 | ||
|---|---|---|---|
| 008 | 150818s1944 caua|||frb||| 001 0 eng d | ||
| 010 | _a 92034842 | ||
| 020 | _a0534177727 (acid-free paper) | ||
| 020 | _a9780534177720 | ||
| 040 |
_aEG-ScBUE _beng _cEG-ScBUE |
||
| 082 | 0 | 4 |
_a658.4033 _bKEL _222 |
| 100 | 1 |
_aKeller, Gerald. _9434 |
|
| 245 | 1 | 0 |
_aStatistics for management and economics / _cGerald Keller, Brian Warrack, Henry Bartel. |
| 250 | _a3rd ed. | ||
| 260 |
_aBelmont, Calif. : _bDuxbury Press, _c1994. |
||
| 300 |
_a[Virous penigs] : _bill. ; _c24 cm. |
||
| 500 | _aAppendix. | ||
| 500 | _aIndex. | ||
| 504 | _aIncludes bibliographical references. | ||
| 590 | _aMenna Elemam | ||
| 650 | 0 |
_aManagement _xStatistical methods. _2BUEsh |
|
| 650 | 0 |
_aEconomics _xStatistical methods. _2BUEsh |
|
| 650 | 0 |
_aStatistics _2BUEsh |
|
| 651 | _2BUEsh | ||
| 653 |
_bBUSECO _cAugust2015 |
||
| 700 | 1 | _aWarrack, Brian. | |
| 700 | 1 | _aBartel, Henry. | |
| 942 |
_cBB _k658.4033 KEL _2ddc |
||
| 999 |
_c9035 _d9035 |
||